<?xml version="1.0" encoding="UTF-8"?>
<record
    xmlns:xsi="http://www.w3.org/2001/XMLSchema-instance"
    xsi:schemaLocation="http://www.loc.gov/MARC21/slim http://www.loc.gov/standards/marcxml/schema/MARC21slim.xsd"
    xmlns="http://www.loc.gov/MARC21/slim">

  <leader>01941nam0a22003731  4500</leader>
  <controlfield tag="001">RU\NLR\A1SV\57831</controlfield>
  <controlfield tag="005">20251203171251.9</controlfield>
  <datafield tag="035" ind1=" " ind2=" ">
    <subfield code="a">(NLR Aleph) 009739787</subfield>
  </datafield>
  <datafield tag="090" ind1=" " ind2=" ">
    <subfield code="a">9939705</subfield>
    <subfield code="c">9939705</subfield>
  </datafield>
  <datafield tag="100" ind1=" " ind2=" ">
    <subfield code="a">20070915d1926    u  y0rusy50      ca</subfield>
  </datafield>
  <datafield tag="101" ind1="0" ind2=" ">
    <subfield code="a">rus</subfield>
  </datafield>
  <datafield tag="102" ind1=" " ind2=" ">
    <subfield code="a">RU</subfield>
  </datafield>
  <datafield tag="200" ind1="1" ind2=" ">
    <subfield code="a">&#x418;&#x437;&#x44B;&#x441;&#x43A;&#x430;&#x43D;&#x438;&#x44F; 1923 &#x433;.</subfield>
    <subfield code="e">&#x418;&#x441;&#x441;&#x43B;&#x435;&#x434;. &#x43F;&#x43E;&#x439;&#x43C;&#x44B; &#x43E;&#x437;. &#x418;&#x43B;&#x44C;&#x43C;&#x435;&#x43D;&#x44C; (&#x43E;&#x442;&#x447;&#x435;&#x442; &#x43E; &#x440;&#x430;&#x431;&#x43E;&#x442;&#x430;&#x445;)</subfield>
    <subfield code="f">&#x418;&#x43D;&#x436;. &#x413;.&#x41A;.&#x41B;&#x43E;&#x442;&#x442;&#x435;&#x440;</subfield>
    <subfield code="c">&#x422;&#x440;&#x438;&#x430;&#x43D;&#x433;&#x443;&#x43B;&#x44F;&#x446;&#x438;&#x44F; &#x43D;&#x430; &#x43F;&#x43E;&#x439;&#x43C;&#x435; &#x43E;&#x437;. &#x418;&#x43B;&#x44C;&#x43C;&#x435;&#x43D;&#x44C;</subfield>
    <subfield code="f">&#x41E;&#x442;&#x447;&#x435;&#x442; &#x43E; &#x440;&#x430;&#x431;&#x43E;&#x442;&#x430;&#x445; &#x41D;.&#x41C;.&#x41D;&#x438;&#x43A;&#x438;&#x444;&#x43E;&#x440;&#x43E;&#x432;&#x430; &#x438; &#x438;&#x43D;&#x436;. &#x410;.&#x412;.&#x413;&#x43B;&#x430;&#x433;&#x43E;&#x43B;&#x435;&#x432;&#x430;</subfield>
    <subfield code="c">&#x418;&#x441;&#x441;&#x43B;&#x435;&#x434;&#x43E;&#x432;&#x430;&#x43D;&#x438;&#x44F; &#x438;&#x441;&#x442;&#x43E;&#x43A;&#x430; &#x440;. &#x412;&#x43E;&#x43B;&#x445;&#x43E;&#x432;&#x430;</subfield>
    <subfield code="f">&#x41E;&#x442;&#x447;&#x435;&#x442; &#x43E; &#x440;&#x430;&#x431;&#x43E;&#x442;&#x430;&#x445; &#x438;&#x43D;&#x436;. &#x41F;.&#x412;.&#x418;&#x432;&#x430;&#x43D;&#x43E;&#x432;&#x430;</subfield>
    <subfield code="g">&#x412;&#x421;&#x41D;&#x425;. &#x41F;&#x440;&#x43E;&#x43C;&#x431;&#x44E;&#x440;&#x43E; &#x421;&#x435;&#x432;.-&#x417;&#x430;&#x43F;. &#x43E;&#x431;&#x43B;. &#x421;&#x442;&#x440;-&#x432;&#x43E; &#x433;&#x43E;&#x441;. &#x412;&#x43E;&#x43B;&#x445;&#x43E;&#x432;. &#x433;&#x438;&#x434;&#x440;&#x43E;&#x44D;&#x435;&#x43A;&#x442;&#x440;. &#x441;&#x438;&#x43B;&#x43E;&#x432;. &#x443;&#x441;&#x442;&#x430;&#x43D;&#x43E;&#x432;&#x43A;&#x438;</subfield>
    <subfield code="g">&#x41F;&#x440;&#x435;&#x434;&#x438;&#x441;&#x43B;. &#x43D;&#x430;&#x447;. &#x41E;&#x442;&#x434;. &#x438;&#x437;&#x44B;&#x441;&#x43A;&#x430;&#x43D;&#x438;&#x439; &#x438;&#x43D;&#x436;. &#x412;.&#x420;&#x43E;&#x434;&#x435;&#x432;&#x438;&#x447;</subfield>
  </datafield>
  <datafield tag="210" ind1=" " ind2=" ">
    <subfield code="a">&#x41B;.</subfield>
    <subfield code="c">&#x422;&#x438;&#x43F;. &#x430;&#x432;&#x438;&#x430;&#x438;&#x437;&#x434;-&#x432;&#x430;</subfield>
    <subfield code="d">1926</subfield>
  </datafield>
  <datafield tag="215" ind1=" " ind2=" ">
    <subfield code="a">[4], 170, 20, 28 &#x441;., 20 &#x43B;. &#x438;&#x43B;. &#x43A;&#x430;&#x440;&#x442;.</subfield>
    <subfield code="c">&#x438;&#x43B;.</subfield>
    <subfield code="d">27 &#x441;&#x43C;</subfield>
  </datafield>
  <datafield tag="225" ind1=" " ind2=" ">
    <subfield code="a">&#x41C;&#x430;&#x442;&#x435;&#x440;&#x438;&#x430;&#x43B;&#x44B; &#x43F;&#x43E; &#x438;&#x441;&#x441;&#x43B;&#x435;&#x434;. &#x440;&#x435;&#x43A;&#x438; &#x412;&#x43E;&#x43B;&#x445;&#x43E;&#x432;&#x430; &#x438; &#x435;&#x433;&#x43E; &#x431;&#x430;&#x441;&#x441;&#x435;&#x439;&#x43D;&#x430;</subfield>
    <subfield code="f">&#x41F;&#x43E;&#x434; &#x440;&#x435;&#x434;. &#x43D;&#x430;&#x447;. &#x41E;&#x442;&#x434;. &#x438;&#x437;&#x44B;&#x441;&#x43A;&#x430;&#x43D;&#x438;&#x439; &#x438;&#x43D;&#x436;. &#x412;.&#x41C;.&#x420;&#x43E;&#x434;&#x435;&#x432;&#x438;&#x447;&#x430;</subfield>
    <subfield code="v">&#x412;&#x44B;&#x43F;. 8</subfield>
  </datafield>
  <datafield tag="620" ind1=" " ind2=" ">
    <subfield code="d">&#x421;&#x430;&#x43D;&#x43A;&#x442;-&#x41F;&#x435;&#x442;&#x435;&#x440;&#x431;&#x443;&#x440;&#x433;</subfield>
  </datafield>
  <datafield tag="700" ind1=" " ind2="1">
    <subfield code="a">&#x41B;&#x43E;&#x442;&#x442;&#x435;&#x440;</subfield>
    <subfield code="b">&#x413;.&#x41A;.</subfield>
    <subfield code="f">1888-1941</subfield>
    <subfield code="g">&#x413;&#x435;&#x440;&#x43C;&#x430;&#x43D; &#x41A;&#x430;&#x440;&#x43B;&#x43E;&#x432;&#x438;&#x447;</subfield>
  </datafield>
  <datafield tag="702" ind1=" " ind2="1">
    <subfield code="a">&#x41D;&#x438;&#x43A;&#x438;&#x444;&#x43E;&#x440;&#x43E;&#x432;</subfield>
    <subfield code="b">&#x41D;.&#x41C;.</subfield>
    <subfield code="f">1889-?</subfield>
    <subfield code="g">&#x41D;&#x438;&#x43A;&#x43E;&#x43B;&#x430;&#x439; &#x41C;&#x438;&#x442;&#x440;&#x43E;&#x444;&#x438;&#x43D;&#x43E;&#x432;&#x438;&#x447;</subfield>
  </datafield>
  <datafield tag="702" ind1=" " ind2="1">
    <subfield code="a">&#x420;&#x43E;&#x434;&#x435;&#x432;&#x438;&#x447;</subfield>
    <subfield code="b">&#x412;&#x441;.</subfield>
  </datafield>
  <datafield tag="702" ind1=" " ind2="1">
    <subfield code="a">&#x413;&#x43B;&#x430;&#x433;&#x43E;&#x43B;&#x435;&#x432;</subfield>
    <subfield code="b">&#x410;.&#x412;.</subfield>
    <subfield code="g">&#x410;&#x43D;&#x434;&#x440;&#x435;&#x439; &#x412;&#x43B;&#x430;&#x434;&#x438;&#x43C;&#x438;&#x440;&#x43E;&#x432;&#x438;&#x447;</subfield>
  </datafield>
  <datafield tag="702" ind1=" " ind2="1">
    <subfield code="a">&#x418;&#x432;&#x430;&#x43D;&#x43E;&#x432;</subfield>
    <subfield code="b">&#x41F;.&#x412;.</subfield>
    <subfield code="f">1886-?</subfield>
    <subfield code="g">&#x43F;&#x435;&#x442;&#x440; &#x412;&#x43B;&#x430;&#x434;&#x438;&#x43C;&#x438;&#x440;&#x43E;&#x432;&#x438;&#x447;</subfield>
  </datafield>
  <datafield tag="801" ind1=" " ind2="0">
    <subfield code="a">RU</subfield>
    <subfield code="b">NLR</subfield>
    <subfield code="c">20070915</subfield>
  </datafield>
  <datafield tag="852" ind1=" " ind2=" ">
    <subfield code="a">NLR</subfield>
    <subfield code="j">7/117-8</subfield>
  </datafield>
  <datafield tag="852" ind1=" " ind2=" ">
    <subfield code="a">NLR</subfield>
    <subfield code="j">124/531-8</subfield>
  </datafield>
  <datafield tag="852" ind1=" " ind2=" ">
    <subfield code="a">NLR</subfield>
    <subfield code="j">124/531-8&#x430;</subfield>
  </datafield>
  <datafield tag="899" ind1=" " ind2=" ">
    <subfield code="a">&#x420;&#x413;&#x411;</subfield>
  </datafield>
  <datafield tag="899" ind1=" " ind2=" ">
    <subfield code="a">&#x412;&#x413;&#x411;</subfield>
  </datafield>
  <datafield tag="899" ind1=" " ind2=" ">
    <subfield code="a">&#x421;&#x41F;&#x431;&#x413;&#x423;</subfield>
  </datafield>
  <datafield tag="899" ind1=" " ind2=" ">
    <subfield code="a">&#x41C;&#x413;&#x423;</subfield>
  </datafield>
  <datafield tag="942" ind1=" " ind2=" ">
    <subfield code="c">BOOK</subfield>
  </datafield>
  <datafield tag="980" ind1=" " ind2=" ">
    <subfield code="a">NB</subfield>
  </datafield>
  <datafield tag="980" ind1=" " ind2=" ">
    <subfield code="a">A1SV</subfield>
  </datafield>
  <datafield tag="995" ind1=" " ind2=" ">
    <subfield code="5">2023-08-26</subfield>
    <subfield code="b">NLR02</subfield>
    <subfield code="c">NLR02</subfield>
    <subfield code="e">RFS</subfield>
    <subfield code="f">9739787-10</subfield>
    <subfield code="k">7/117-8</subfield>
    <subfield code="o">0</subfield>
    <subfield code="r">BOOK</subfield>
    <subfield code="s">71178_</subfield>
  </datafield>
  <datafield tag="995" ind1=" " ind2=" ">
    <subfield code="5">2023-08-26</subfield>
    <subfield code="b">NLR02</subfield>
    <subfield code="c">NLR02</subfield>
    <subfield code="e">RFS</subfield>
    <subfield code="f">9739787-20</subfield>
    <subfield code="k">124/531-8</subfield>
    <subfield code="o">0</subfield>
    <subfield code="r">BOOK</subfield>
    <subfield code="s">1245318_</subfield>
  </datafield>
</record>
